Tercer centenario de Santa Teresa de Jesús (Record no. 43096)

MARC details
000 -LEADER
campo de control de longitud fija 00749nam a2200193 i 4500
001 - NÚMERO DE CONTROL
campo de control 43096
003 - IDENTIFICADOR DE NÚMERO DE CONTROL
campo de control ES-MaACL
005 - FECHA Y HORA DE LA ÚLTIMA TRANSACCIÓN
campo de control 20230906160730.0
007 - CAMPO FIJO DE DESCRIPCIÓN FÍSICA--INFORMACIÓN GENERAL
campo de control de longitud fija t|
008 - DATOS DE LONGITUD FIJA--INFORMACIÓN GENERAL
campo de control de longitud fija 030314s1882 mx |||| |dspa d
080 ## - NÚMERO DE LA CLASIFICACIÓN DECIMAL UNIVERSAL
Número de la Clasificación Decimal Universal 929Teresa de Jesús, Santa
245 04 - MENCIÓN DEL TÍTULO
Título Tercer centenario de Santa Teresa de Jesús
Resto del título : breve reseña de las solemnidades celebradas en Toluca el día 15 de octubre de 1882 : con los discursos y poesías leídos en la velada que con tal motivo se verificó.
246 3# - FORMA VARIANTE DEL TITULO
Título propio/Titulo breve III Centenario de Santa Teresa de Jesús
260 ## - PUBLICACIÓN, DISTRIBUCIÓN, ETC.
Lugar de publicación, distribución, etc. Méjico :
Nombre del editor, distribuidor, etc. [El Centinela Español],
Fecha de publicación, distribución, etc. 1882.
300 ## - DESCRIPCIÓN FÍSICA
Extensión 131 p. ;
Dimensiones 15 cm.
600 00 - PUNTO DE ACCESO ADICIONAL DE MATERIA--NOMBRE DE PERSONA
Nombre de persona Teresa de Jesús,
Títulos y otros términos asociados al nombre Santa,
Fechas asociadas al nombre 1515-1582
9 (RLIN) 226510
852 ## - LOCALIZACIÓN
Ubicación ES-MaACL
Número de control de estantería T-408-F-1
Holdings
Estatus retirado Estado de pérdida Estado de daño No para préstamo Colección Biblioteca de origen Biblioteca actual Ubicación en estantería Fecha de adquisición Fuente de adquisición Total de préstamos Signatura topográfica completa Código de barras Visto por última vez Precio de reemplazo Tipo de ítem Koha
        Colección de folletos Biblioteca del Ateneo de Madrid Biblioteca del Ateneo de Madrid Depósito folletos 17/01/2008     T-408-F-1 1045362 23/02/2023 23/02/2023 Folleto